[Event "ESP-ch rapid"]
[Site "Linares"]
[Date "2013.08.27"]
[Round "7"]
[White "Arizmendi Martinez, Julen Luis"]
[Black "San Martin, Ramos Luis"]
[Result "1-0"]
[WhiteElo "2577"]
[BlackElo "2139"]
[PlyCount "46"]
[EventDate "2013.08.26"]
[EventType "swiss (rapid)"]
[EventRounds "9"]
[EventCountry "ESP"]
[SourceTitle "CBM 156 Extra"]
[Source "ChessBase"]
[SourceDate "2013.10.22"]
[SourceVersion "1"]
[SourceVersionDate "2013.10.22"]
[SourceQuality "1"]

1. d4 Nf6 2. c4 c5 3. d5 b5 4. Nf3 Bb7 5. Qc2 d6 6. e4 bxc4 7. Bxc4 g6 8. Nc3 Bg7 9. 0-0 0-0 10. h3 Nbd7 11. Re1 Nb6 12. Bf1 Nfd7 13. Bf4 a5 14. Rad1 a4 15. a3 Ba6 16. Bxa6 Rxa6 17. e5 Nc4 18. Qe2 Ndb6 19. Nd2 dxe5 20. Bg3 Nxd2 21. Qxa6 Ndc4 22. Re4 Nd6 23. Re2 Qd7 1-0

[Event "ESP-ch rapid"]
[Site "Linares"]
[Date "2013.08.26"]
[Round "1"]
[White "San Martin, Ramos Luis"]
[Black "Moreno Trujillo, Alejandro"]
[Result "0-1"]
[WhiteElo "2139"]
[BlackElo "2533"]
[PlyCount "80"]
[EventDate "2013.08.26"]
[EventType "swiss (rapid)"]
[EventRounds "9"]
[EventCountry "ESP"]
[SourceTitle "CBM 156 Extra"]
[Source "ChessBase"]
[SourceDate "2013.10.22"]
[SourceVersion "1"]
[SourceVersionDate "2013.10.22"]
[SourceQuality "1"]

1. e4 e6 2. d4 d5 3. Nc3 Bb4 4. Nge2 dxe4 5. a3 Be7 6. Nxe4 Nd7 7. N2c3 Ngf6 8. Bd3 c5 9. dxc5 Nxc5 10. Nxc5 Bxc5 11. Bb5+ Bd7 12. Bxd7+ Qxd7 13. Qxd7+ Nxd7 14. 0-0 Rc8 15. Ne4 Be7 16. c3 Nc5 17. Nxc5 Bxc5 18. Bf4 Ke7 19. Rfd1 Rhd8 20. Kf1 a5 21. Ke2 a4 22. Be3 Bxe3 23. Kxe3 e5 24. Ke2 Ke6 25. Rd3 Rxd3 26. Kxd3 f5 27. c4 Rc6 28. f3 Rb6 29. Kc3 Rb3+ 30. Kc2 Re3 31. Kd2 f4 32. Rc1 g5 33. Rc3 Rxc3 34. Kxc3 e4 35. fxe4 Ke5 36. Kd3 b6 37. g3 fxg3 38. hxg3 h5 39. b4 axb3 40. a4 b2 0-1

[Event "Linares Anibal op 11th"]
[Site "Linares"]
[Date "2005.02.27"]
[Round "3"]
[White "Komljenovic, Davorin"]
[Black "San Martin, Ramos Luis"]
[Result "1/2-1/2"]
[WhiteElo "2492"]
[BlackElo "2135"]
[PlyCount "111"]
[EventDate "2005.02.25"]
[EventType "swiss"]
[EventRounds "9"]
[EventCountry "ESP"]
[SourceTitle "CBM 105 Extra"]
[Source "ChessBase"]
[SourceDate "2005.05.01"]
[SourceVersion "1"]
[SourceVersionDate "2005.05.01"]
[SourceQuality "1"]

1. d4 Nf6 2. c4 g6 3. Nc3 Bg7 4. e4 d6 5. Nf3 0-0 6. h3 e5 7. d5 a5 8. Bg5 Na6 9. Bd3 Qe8 10. g4 Nd7 11. Rg1 Ndc5 12. Bc2 Kh8 13. Nh4 Nb4 14. Bb1 f5 15. gxf5 gxf5 16. a3 Nba6 17. exf5 e4 18. Be3 Bxf5 19. Rxg7 Kxg7 20. Nxf5+ Rxf5 21. b4 Nd3+ 22. Bxd3 exd3 23. Qxd3 Qg6 24. Kd2 axb4 25. axb4 Rxf2+ 26. Bxf2 Qxd3+ 27. Kxd3 Nxb4+ 28. Ke4 Rxa1 29. Nb5 Rc1 30. c5 Nxd5 31. Kxd5 c6+ 32. Ke6 dxc5 33. Nd6 b5 34. Ne4 Rc2 35. Bxc5 Rc4 36. Kf5 b4 37. Be7 b3 38. Bf6+ Kg8 39. Bc3 Ra4 40. Nf6+ Kf7 41. Nxh7 Rb4 42. Ng5+ Ke8 43. Bb2 Rc4 44. Ke6 Rc2 45. Bg7 b2 46. Bxb2 Rxb2 47. Kd6 Rc2 48. Ne6 Rc1 49. h4 Rh1 50. h5 Kf7 51. Nc5 Rxh5 52. Kxc6 Ke7 53. Nd3 Rh2 54. Nc5 Rd2 55. Ne4 Rd4 56. Nc5 1/2-1/2

[Event "Linares Anibal op 11th"]
[Site "Linares"]
[Date "2005.02.25"]
[Round "1"]
[White "Cheparinov, Ivan"]
[Black "San Martin, Ramos Luis"]
[Result "1-0"]
[WhiteElo "2572"]
[BlackElo "2135"]
[PlyCount "79"]
[EventDate "2005.02.25"]
[EventType "swiss"]
[EventRounds "9"]
[EventCountry "ESP"]
[SourceTitle "CBM 105 Extra"]
[Source "ChessBase"]
[SourceDate "2005.05.01"]
[SourceVersion "1"]
[SourceVersionDate "2005.05.01"]
[SourceQuality "1"]

1. e4 Nf6 2. e5 Nd5 3. d4 d6 4. c4 Nb6 5. exd6 exd6 6. Nc3 Nc6 7. h3 Bf5 8. a3 Be7 9. Nf3 Bf6 10. Be2 0-0 11. 0-0 Re8 12. b3 Bg6 13. Bf4 a6 14. Rc1 d5 15. c5 Nc8 16. b4 N8e7 17. b5 axb5 18. Nxb5 Rc8 19. g4 Be4 20. Qd2 Ng6 21. Be3 Nh4 22. Nxh4 Bxh4 23. Nc3 Qd7 24. Nxe4 dxe4 25. Rb1 Bf6 26. d5 Ne5 27. Rxb7 h5 28. Qd1 Red8 29. a4 hxg4 30. hxg4 Nf3+ 31. Bxf3 exf3 32. Qxf3 Qxa4 33. d6 cxd6 34. g5 Bc3 35. Qxf7+ Kh8 36. Qh5+ Kg8 37. g6 Rd7 38. Qh7+ Kf8 39. Qh8+ Ke7 40. Bg5+ 1-0

[Event "Magistral Tiendas UPI 6th"]
[Site "Mancha Real"]
[Date "2003.03.21"]
[Round "1"]
[White "San Martin, Ramos Luis"]
[Black "Saldano Dayer, Horacio"]
[Result "0-1"]
[WhiteElo "2147"]
[BlackElo "2442"]
[PlyCount "44"]
[EventDate "2003.03.21"]
[EventType "schev"]
[EventRounds "9"]
[EventCountry "ESP"]
[SourceTitle "CBM 093 Extra"]
[Source "ChessBase"]
[SourceDate "2003.05.09"]
[SourceVersion "1"]
[SourceVersionDate "2003.05.09"]
[SourceQuality "1"]

1. d4 Nf6 2. c4 e6 3. Nc3 Bb4 4. Qc2 Nc6 5. Nf3 d6 6. Bg5 h6 7. Bxf6 Qxf6 8. a3 Bxc3+ 9. Qxc3 0-0 10. e3 a5 11. Bd3 e5 12. dxe5 Nxe5 13. Nxe5 Qxe5 14. Qxe5 dxe5 15. Kd2 a4 16. Kc3 Rd8 17. Rad1 Kf8 18. Bc2 Rxd1 19. Rxd1 Ke7 20. Kb4 Be6 21. Bxa4 c5+ 22. Kb3 Ra5 0-1